000 00683nam a2200289Ia 4500
005 20260324145533.0
008 008 260324s9999 xx 000 0 eng d
020 _a9781003563020
037 _aEBOOK
040 _aCRL
040 _beng
040 _cCRL
041 _2eng
041 _aeng
084 _qCRL
100 _aJohn Fidler
_91223307
245 4 _aThe British Business Elite
245 0 _bIts Attitudes to Class, Status and Power
260 _bTaylor and Francis
260 _c1981
365 _a
365 _b165
856 _uhttp://www.taylorfrancis.com/books/9781003563020
942 _cEBOOK
999 _c1831356
_d1831356